| 000 | 00502nam a2200193Ia 4500 | ||
|---|---|---|---|
| 005 | 20250508151851.0 | ||
| 008 | 008 250505s9999 xx 000 0 rus d | ||
| 037 | _aBooks to be hide in OPAC | ||
| 040 |
_aFEDL _beng _cFEDL |
||
| 041 |
_arus _2eng |
||
| 084 | _qFEDL | ||
| 100 |
_aKiseliob A P _9760206 |
||
| 245 | 0 | _aAlgebra part II Text book for classes VIII - X, of middle school | |
| 260 | _c1956 | ||
| 300 | _a231p. | ||
| 546 | _aWeeded out | ||
| 942 | _cHB | ||
| 999 |
_c1332598 _d1332598 |
||